000 00897nam a22002297a 4500
999 _c64330
_d64330
005 20240530110726.0
008 180422s2016 ua a b 000 0dara d
017 _a2016/8190
_bمصر. دار الكتب
020 _a9789773833326
040 _aEG-CaGPL
_cEG-CaGPL
082 0 4 _221
_a155.23 \
_bس ش
100 0 _aسعيد عبدالبديع السعدنى
245 1 2 _aالشخصية السيكوباتية :
_bالبناء والبروفيل النفسى /
_cاعداد سعيد عبدالبديع السعدنى .
250 _aط.1
260 _aالقاهرة :
_bايتراك للطباعة و النشر و التوزيع ،
_c2017 .
300 _a160 ص. ؛
_c24 سم.
650 0 7 _2qrmak
_aالشخصية السيكوباتية
650 0 7 _2qrmak
_aاضطرابات الشخصية
651 _2qrmak
942 _2ddc
_cBK